[Event "CUB-ch"]
[Site "Las Tunas"]
[Date "1996.??.??"]
[Round "12"]
[White "Vera, Reynaldo"]
[Black "Arencibia, Walter"]
[Result "1-0"]
[WhiteElo "2505"]
[BlackElo "2555"]

1.d4 d5 2.c4 Nc6 3.Nc3 dxc4 4.d5 Ne5 5.f4 Ng4 6.e4 e5 7.f5 h5 8.Nf3 Bc5 9.Bxc4 Nf2
10.Qb3 a6 11.Rf1 Ng4 12.d6 cxd6 13.Bxf7+ Kd7 14.Bg5 N8f6 15.O-O-O Qb6 16.Qxb6 Bxb6
17.h3 Be3+ 18.Kb1 Bxg5 19.hxg4 Bf4 20.g5 Ng4 21.Nd5 Ne3 22.Nxe3 Bxe3 23.Nxe5+ Kc7
24.Nc4 Bxg5 25.Nxd6 Bd7 26.e5 Be7 27.Bd5 Bxd6 28.exd6+ Kb6 29.Rf3 Ka7 30.Be6 Rad8
31.Rg3 Rh6 32.Re1 Bc6 33.Rxg7 Rxd6 34.Rg6 Rh8 35.f6 Bd5 36.f7 Rf8 37.Bxd5 Rxd5
38.Rf1 Rd7 39.Rg7 Kb6 40.Rf5 h4 41.Rf4 Kc5 42.Kc2 Kd5 43.Kd3 Ke6+ 44.Ke3 Rc7
45.Rxh4 Rfxf7 46.Rh6+ Ke5 47.Rxf7 Rxf7 48.g4 Rd7 49.Rb6 Rf7 50.Rb4 Rh7 51.Rf4 Rh1
52.Rf5+ Ke6 53.Rf2 Rg1 54.Kf4 Kf6 55.Rd2 Rf1+ 56.Kg3 Rg1+ 57.Kf3 Rf1+ 58.Kg3 Rg1+
59.Kf3 Rf1+ 60.Rf2 Rg1 61.Kf4 Kg6 62.a3 Rd1 63.Ke5 Re1+ 64.Kd5 Re3 65.Rf4 a5
66.Kc4 b5+ 67.Kxb5 Rb3+ 68.Kxa5 Rxb2 69.a4 Re2 70.Kb4 Re5 71.Rc4 Kf6 72.a5  1-0

[Event "Lazne Bohdanec"]
[Site "Lazne Bohdanec"]
[Date "1996.??.??"]
[Round "4"]
[White "Vokac, Marek"]
[Black "Kaminski, Marcin"]
[Result "1/2-1/2"]
[WhiteElo "2455"]
[BlackElo "2525"]

1.d4 d5 2.c4 Nc6 3.Nc3 dxc4 4.d5 Ne5 5.Bf4 Ng6 6.Bg3 e5 7.Nf3 Bd6 8.e4 Nf6
9.Nd2 O-O 10.Nxc4 a6 11.Bd3 Nf4 12.O-O N6h5 13.Rc1 Qg5 14.Nxd6 cxd6 15.Be2 f5
16.exf5 Bxf5 17.Bxh5 Nxh5 18.Ne2 Nf4 19.Bxf4 exf4 20.f3 Rae8 21.Rc4 b5 22.Rd4 Bh3
23.Rf2 Re3 24.Qd2 Rxf3 25.Rxf4 R3xf4 26.Nxf4 Bf5 27.Qe3 h6 28.h3 Bxh3 29.Qxh3 Rxf4
30.Qc8+  1/2-1/2

[Event "Lazne Bohdanec"]
[Site "Lazne Bohdanec"]
[Date "1996.??.??"]
[Round "7"]
[White "Babula, Vlastimil"]
[Black "Kaminski, Marcin"]
[Result "1-0"]
[WhiteElo "2540"]
[BlackElo "2525"]

1.d4 d5 2.c4 Nc6 3.Nf3 Bg4 4.cxd5 Bxf3 5.dxc6 Bxc6 6.Nc3 Nf6 7.f3 e5 8.dxe5 Nd7
9.Bf4 Bb4 10.Qb3 Qh4+ 11.g3 Qe7 12.Bh3 Nc5 13.Qc2 g5 14.Bd2 Qxe5 15.a3 Ba5
16.b4 Bxf3 17.O-O Bb6 18.exf3 Nb3+ 19.Kg2 Nxa1 20.Rxa1 O-O 21.Re1 Qg7 22.Ne4 h6
23.Nc5 Bxc5 24.bxc5 Rae8 25.Bc3 f6 26.Be6+ Kh8 27.Qf5 c6 28.Rd1 Re7 29.Rd6 h5
30.Bc4  1-0

[Event "Le Touquet op"]
[Site "Le Touquet"]
[Date "1996.??.??"]
[Round "?"]
[White "Shipov, Sergei"]
[Black "Gervasio, Ricardo"]
[Result "1-0"]
[WhiteElo "2540"]
[BlackElo "2325"]

1.d4 d5 2.c4 Nc6 3.cxd5 Qxd5 4.e3 e5 5.Nc3 Qd8 6.d5 Nce7 7.Nf3 Ng6 8.Bb5+ Bd7
9.Qb3 Rb8 10.O-O a6 11.Bxd7+ Qxd7 12.e4 Bd6 13.Be3 b5 14.Ne1 Nf6 15.Nd3 O-O
16.f3 Qe7 17.a4 b4 18.Ne2 Nh5 19.Rac1 Ngf4 20.Bxf4 Nxf4 21.Nexf4 exf4 22.Rc6 Kh8
23.Re1 f6 24.Rxa6 g5 25.Qc4 Rg8 26.Kh1 Qg7 27.Qd4 g4 28.Qf2 g3 29.Qf1 gxh2
30.Rc6 b3 31.Nc5 Be5 32.Nd3 Bd6 33.a5 Bb4 34.Ra1 Bd2 35.Nc5 Be3 36.Ne6 Qg3
37.Rc4 h5 38.Nd4 Qg5 39.Nf5 h4 40.a6 Bb6 41.Rc3 h3 42.g4 Rge8 43.Qxh3+ Kg8
44.Rc6  1-0

[Event "Leiner op"]
[Site "Leiner"]
[Date "1996.??.??"]
[Round "3"]
[White "Ebner, Hubert"]
[Black "Vodep, Otto"]
[Result "1-0"]
[WhiteElo "2240"]
[BlackElo "2210"]

1.d4 d5 2.c4 Nc6 3.cxd5 Qxd5 4.e3 e5 5.Nc3 Bb4 6.Bd2 Bxc3 7.bxc3 exd4 8.cxd4 Nf6
9.Nf3 O-O 10.Be2 Ne4 11.O-O Nxd2 12.Qxd2 Bf5 13.Rac1 Qd6 14.Qc3 Rac8 15.Qb3 Nd8
16.Rfd1 c6 17.Qa4 a6 18.Qa5 Be4 19.Nd2 Bg6 20.Nc4 Qc7 21.Qb4 c5 22.Qa3 f6
23.Nb2 Ne6 24.dxc5 Nxc5 25.Na4 b6 26.Nxc5 bxc5 27.Qxa6 Bf7 28.Bc4 Ra8 29.Bxf7+ Qxf7
30.Qb5 Qxa2 31.Qxc5 Rac8 32.Qxc8 Rxc8 33.Rxc8+ Kf7 34.g3 h5 35.h4 g5 36.Rc7+ Kg6
37.hxg5 Kxg5 38.Rcd7 Qe2 39.Kg2 h4 40.R7d5+ f5 41.gxh4+ Kxh4 42.R1d4+ Kg5
43.Rf4 Kf6 44.Rdxf5+ Ke6 45.Rf6+ Ke5 46.Rf8 Qc2 47.Re8+ Kd6 48.Rd4+ Kc7 49.Re7+ Kc8
50.Rg4  1-0

[Event "SWE-chJ"]
[Site "Linkoping"]
[Date "1996.??.??"]
[Round "?"]
[White "Landgren, Andreas"]
[Black "Von Bahr, Oskar"]
[Result "0-1"]
[WhiteElo "2075"]
[BlackElo "2180"]

1.d4 d5 2.c4 Nc6 3.Nc3 dxc4 4.d5 Ne5 5.f4 Ng4 6.e4 e5 7.f5 h5 8.Qa4+ Bd7
9.Qxc4 a6 10.a4 Rb8 11.a5 Bd6 12.Nge2 Qe7 13.h3 N4f6 14.Bg5 g6 15.fxg6 fxg6
16.Nc1 Nh6 17.Be2 Nf7 18.Be3 O-O 19.O-O g5 20.Qd3 Kh8 21.Qd2 Rg8 22.Qd1 g4
23.h4 g3 24.Bxh5 Bg4 25.Bxg4 Nxg4 26.Bg5 Rxg5 27.hxg5 Bc5+ 28.Kh1 Qxg5  0-1

[Event "Manresa op"]
[Site "Manresa"]
[Date "1996.??.??"]
[Round "2"]
[White "Campos, Jose Felix"]
[Black "Garriga, F."]
[Result "1-0"]
[WhiteElo "2485"]
[BlackElo "2130"]

1.d4 d5 2.c4 Nc6 3.cxd5 Qxd5 4.e3 e5 5.Nc3 Bb4 6.Bd2 Bxc3 7.bxc3 exd4 8.cxd4 Nf6
9.Nf3 Ne4 10.Be2 Nxd2 11.Qxd2 Qa5 12.Qxa5 Nxa5 13.Kd2 Be6 14.Rhc1 c6 15.Rc5 b6
16.Rc2 Bf5 17.Rc3 f6 18.Ke1 O-O 19.Nd2 Rad8 20.Nb3 Nxb3 21.axb3 Rd7 22.Bf3 c5
23.dxc5 bxc5 24.Rxc5 Be6 25.b4 Rb8 26.b5 Kf8 27.Ra6 Bf7 28.Bc6 Rc7 29.Kd2 Be8
30.Kc3 Bxc6 31.Raxc6 Rxc6 32.bxc6 Rc8 33.Kd4 Ke7 34.f4 Rd8+ 35.Rd5 Rxd5+
36.Kxd5 a5 37.Kc5 a4 38.Kb4 Kd6 39.Kxa4 Kxc6 40.Kb4 Kd5 41.Kc3 Ke4 42.Kd2 f5
43.Ke2 Kd5 44.Kd3 Kc5 45.e4 fxe4+ 46.Kxe4 Kd6 47.f5 Ke7 48.Ke5 Kf7 49.g4 Ke7
50.g5 Kf7 51.Kd6 h6 52.gxh6 gxh6 53.Ke5 h5  1-0

[Event "Terres Catalanes"]
[Site "Manresa"]
[Date "1996.??.??"]
[Round "3"]
[White "Pomes Marcet, Juan"]
[Black "Arencibia, Walter"]
[Result "0-1"]
[WhiteElo "2420"]
[BlackElo "2555"]

1.d4 d5 2.c4 Nc6 3.cxd5 Qxd5 4.e3 e5 5.Nc3 Bb4 6.Bd2 Bxc3 7.bxc3 Nf6 8.c4 Qd6
9.d5 Ne7 10.Qc2 Bf5 11.Qb2 Ne4 12.Bb4 Qb6 13.Qa3 c5 14.Bc3 f6 15.Ne2 Nc8
16.Ng3 Nxg3 17.hxg3 Qc7 18.Be2 O-O 19.f3 Nd6 20.e4 Bd7 21.g4 a6 22.g5 b5
23.Qc1 f5 24.Bxe5 Rae8 25.f4 Qa5+ 26.Qd2 Qxd2+ 27.Kxd2 Nxe4+ 28.Kc2 Nxg5
29.Bd3 Nf7 30.Rae1 Rd8 31.Rh3 bxc4 32.Bxc4 Bb5 33.Kc3 Nd6 34.Bxd6 Rxd6 35.Rg3 Bd7
36.Re7 Rf7 37.Re5 Kf8 38.Bb3 Bc8 39.Rge3 Rc7 40.Bc2 g6 41.Re8+ Kf7 42.Rh8 Kg7
43.Ree8 Bb7 44.Rhg8+ Kf6 45.Rgf8+ Rf7 46.Bb3 Bxd5 47.Rxf7+ Kxf7 48.Rc8 Kg7
49.g3 Bxb3 50.axb3 Kh6 51.Rxc5 Kh5 52.Re5 Kg4 53.Re3 h5 54.Kc4 h4 55.gxh4 Kxf4  0-1

[Event "Terres Catalanes"]
[Site "Manresa"]
[Date "1996.??.??"]
[Round "5"]
[White "Cifuentes Parada, Roberto"]
[Black "Mellado Trivino, Juan"]
[Result "1/2-1/2"]
[WhiteElo "2500"]
[BlackElo "2455"]

1.d4 d5 2.c4 Nc6 3.cxd5 Qxd5 4.e3 e5 5.Nc3 Bb4 6.Bd2 Bxc3 7.bxc3 Nf6 8.f3 Qd6
9.Bd3 O-O 10.Ne2 Be6 11.O-O Rad8 12.Qc1 exd4 13.cxd4 Ne5 14.dxe5 Qxd3 15.Bb4 Rfe8
16.Nf4 Qb5 17.exf6 Qxb4 18.Nxe6 Rxe6 19.Qxc7 Rde8 20.Rab1 Qd2 21.e4 Rc6 22.Qg3 Rxf6
23.Rxb7 Qxa2 24.Qf2 Ra6 25.Rd1 h5 26.h4 Rc8 27.Rb2 Qe6 28.Rd5 g6 29.Qg3 Rb6
30.Rbd2 Rb1+ 31.Kh2 Qb6 32.R2d4 Qc7 33.Qxc7 Rxc7 34.Ra5 Rb2 35.Kg3 Rcc2 36.Rd8+ Kg7
37.Rxa7 Rxg2+ 38.Kf4 Rb6 39.Raa8 Rf6+ 40.Ke3 Rb6 41.Rg8+ Kf6 42.Kf4 Re2 43.Ra7 Re6
44.Rf8 Re7 45.Rxe7 Kxe7  1/2-1/2

[Event "Terres Catalanes"]
[Site "Manresa"]
[Date "1996.??.??"]
[Round "7"]
[White "Garcia Ilundain, David"]
[Black "Arencibia, Walter"]
[Result "1-0"]
[WhiteElo "2520"]
[BlackElo "2555"]

1.d4 d5 2.c4 Nc6 3.cxd5 Qxd5 4.e3 e5 5.Nc3 Bb4 6.Bd2 Bxc3 7.bxc3 Qd6 8.Bd3 Nf6
9.f3 O-O 10.Ne2 Be6 11.O-O Rfe8 12.Qc1 Rab8 13.Be1 b5 14.Bh4 Nd7 15.Rd1 Na5
16.Bg3 Bc4 17.dxe5 Qe7 18.f4 f6 19.Bf5 Rbd8 20.Qc2 Nf8 21.Nd4 fxe5 22.fxe5 c5
23.Nf3 h6 24.Rxd8 Rxd8 25.Bh4 g5 26.Bg3 Be6 27.h3 Nc4 28.Re1 Bd5 29.e4 Bf7
30.h4 Bh5 31.Qf2 Rd3 32.hxg5 hxg5 33.Qc2 Rd8 34.Qb3 a6 35.a4 Bf7 36.axb5 Nxe5
37.Qb1 Nxf3+ 38.gxf3 axb5 39.Qxb5 Ne6 40.Qe2 Qf6 41.Qh2 Qxc3 42.Qh7+ Kf8
43.Bxe6 Bxe6 44.Qh6+ Kf7 45.Qh5+ Kf8 46.Qxg5 Rd7 47.Rb1 Bb3 48.Be5 Qxf3 49.Rf1 Rd1
50.Bd6+ Kf7 51.Qh5+  1-0

[Event "Wch U20"]
[Site "Medellin"]
[Date "1996.??.??"]
[Round "7"]
[White "Pelletier, Yannick"]
[Black "Moreda, Lucas"]
[Result "1-0"]
[WhiteElo "2440"]
[BlackElo "2285"]

1.d4 d5 2.c4 Nc6 3.Nc3 dxc4 4.d5 Na5 5.Qa4+ c6 6.b4 b5 7.Qxa5 Qxa5 8.bxa5 b4
9.Nd1 cxd5 10.e4 e6 11.Ne3 Nf6 12.exd5 exd5 13.Nf3 Be6 14.Nd4 Bc5 15.Nxe6 fxe6
16.Nxc4 dxc4 17.Bxc4 Bd4 18.Rb1 Ne4 19.f3 Bc3+ 20.Ke2 Nc5 21.a3 b3 22.Be3 Rc8
23.Rhc1 Bf6 24.Bxb3 Be7 25.Bxe6  1-0

[Event "Meisdorf op"]
[Site "Meisdorf"]
[Date "1996.??.??"]
[Round "?"]
[White "Broeder, Iris"]
[Black "Maier, Alexander"]
[Result "0-1"]
[WhiteElo "2185"]
[BlackElo "2310"]

1.d4 d5 2.c4 Nc6 3.e3 e5 4.Nf3 Bg4 5.Be2 e4 6.Ne5 Bxe2 7.Qxe2 Nxe5 8.dxe5 Qg5
9.cxd5 O-O-O 10.Nc3 Qxe5 11.Bd2 f5 12.O-O Nf6 13.Nb5 Ng4 14.g3 Qxd5 15.Ba5 Qd3
16.Qxd3 Rxd3 17.Nxa7+ Kd7 18.Nb5 c6 19.Nd4 g6 20.Ne2 Bd6 21.Bc3 Ra8 22.h3 Ne5
23.Kg2 Nc4 24.a3 c5 25.Nf4 Bxf4 26.gxf4 Ra6 27.Rfd1 Rad6 28.Rxd3 exd3 29.Rd1 Kc6
30.a4 Nb6 31.a5 Nc4 32.Kf1 Kb5 33.Ra1 Ra6 34.Rd1 Rd6 35.Ra1 Rd7 36.Ke1 Nd6
37.f3 Nc4 38.Kf2 Re7 39.Rd1 Rxe3 40.b3 Re2+ 41.Kg3 Nxa5 42.Rxd3 Nxb3 43.Rd7 Kc4
44.Be5 b5 45.Ra7 Nd2 46.Rc7 Nf1+ 47.Kh4 Rg2 48.Bd4 Kxd4 49.Rd7+ Ke3 50.Re7+ Kf2
51.Re5 g5+ 52.fxg5 Nd2 53.Rxf5 Nxf3+ 54.Kh5 Rxg5+  0-1

[Event "Melbourne Masters"]
[Site "Melbourne"]
[Date "1996.??.??"]
[Round "5"]
[White "Smith, Robert W"]
[Black "Solomon, Stephen J"]
[Result "0-1"]
[WhiteElo "2275"]
[BlackElo "2395"]

1.d4 d5 2.c4 Nc6 3.Nf3 e5 4.cxd5 Qxd5 5.Nc3 Bb4 6.dxe5 Qxd1+ 7.Kxd1 Nge7
8.Bf4 Be6 9.e4 O-O-O+ 10.Kc2 h6 11.h3 a5 12.Be3 Ng6 13.Be2 Ngxe5 14.Nxe5 Nxe5
15.b3 f5 16.f3 Nc6 17.Rad1 f4 18.Bf2 Bd6 19.Nb5 Nb4+ 20.Kb1 Be5 21.Bd4 Bxd4
22.Nxd4 Bd7 23.a3 Nc6 24.Nxc6 Bxc6 25.Rxd8+ Kxd8 26.Rd1+ Ke7 27.Kc2 h5 28.Bf1 g5
29.Be2 g4 30.h4 b6 31.Rd4 Bb7 32.Kc3 Rg8 33.Rd2 Rg6 34.Rd4 Re6 35.Kb2 c5
36.Rd2 gxf3 37.Bxf3 Bc6 38.Kc3 Re5 39.Re2 b5 40.Re1 b4+ 41.axb4 axb4+ 42.Kb2 Kd6
43.Rd1+ Kc7 44.Rd2 Be8 45.Rd1 Bg6 46.Rd2 Kc6 47.Re2 Kd6 48.Rd2+ Ke6 49.Re2 Kf6
50.Re1 Re7 51.Re2 Re8 52.Re1 Re7 53.Re2 Ke6 54.Rc2 Rc7 55.Rc1 Ke5 56.Rd1 Bf7
57.Rd8 Ra7 58.Rc8 Kd4 59.Rd8+ Ke3 60.Rc8 Kd4 61.Rd8+ Ke3 62.Rc8 Be6 63.Rxc5 Bg4
64.Bxg4 hxg4 65.e5 f3 66.gxf3 g3 67.e6 Re7 68.Rg5 Kf2 69.Kc2 g2 70.Kd3 Rxe6
71.Kc4 Rb6 72.h5 g1=Q 73.Rxg1 Kxg1 74.h6 Kf2 75.h7 Rb8 76.h8=Q Rxh8 77.Kxb4 Kxf3
78.Kc5 Rc8+ 79.Kd4 Rb8 80.Kc4 Ke4 81.b4 Ke5 82.Kc5 Ke6 83.b5 Kd7 84.b6 Rb7  0-1

[Event "Wch U18"]
[Site "Menorca"]
[Date "1996.??.??"]
[Round "9"]
[White "Tihonov, Jurij"]
[Black "Kobalija, Mihail"]
[Result "0-1"]
[WhiteElo "2460"]
[BlackElo "2495"]

1.d4 d5 2.c4 Nc6 3.Nf3 Bg4 4.Nc3 e6 5.e3 Bb4 6.Be2 Nf6 7.a3 Bxc3+ 8.bxc3 O-O
9.cxd5 exd5 10.Qc2 Na5 11.a4 Re8 12.Ba3 Bxf3 13.Bxf3 Ne4 14.O-O Nc4 15.Be2 Ncd2
16.Rfd1 Qh4 17.g3 Qf6 18.f4 Nc4 19.Bxc4 dxc4 20.Rab1 b6 21.Rb5 Qg6 22.Rf1 f6
23.Re1 a6 24.Rbb1 h5 25.Qg2 Qf5 26.Bb4 Rad8 27.Rbc1 c6 28.Qe2 Qd5 29.Ba3 a5
30.Rc2 b5 31.axb5 cxb5 32.Rb1 Rb8 33.Qe1 Rb7 34.Ra2 Qf5 35.Rba1 g5 36.Bc1 a4
37.Ba3 Kf7 38.Rg2 Kg6 39.Rd1 Rd7 40.Bb4 Rh8 41.Qe2 g4 42.Kh1 Kf7 43.Kg1 Rd5
44.Qb2 h4 45.gxh4 Rxh4 46.Qe2 Qh5 47.f5 Rxf5 48.d5 Rxd5 49.Rd4 Rxd4 50.exd4 Qf5
51.Qe1 Rh3 52.Re2 g3 53.hxg3 Rxg3+  0-1

[Event "Mondariz op"]
[Site "Mondariz"]
[Date "1996.??.??"]
[Round "?"]
[White "Estremera Panos, Sergio"]
[Black "Arencibia, Walter"]
[Result "0-1"]
[WhiteElo "2345"]
[BlackElo "2555"]

1.d4 d5 2.c4 Nc6 3.cxd5 Qxd5 4.e3 e5 5.Nc3 Bb4 6.Bd2 Bxc3 7.bxc3 Nf6 8.f3 Qd6
9.Bd3 O-O 10.Ne2 Be6 11.O-O Rad8 12.Qc1 Rfe8 13.Be1 Nd7 14.Qb1 h6 15.Qxb7 Rb8
16.Qa6 Rb2 17.Ng3 Nb6 18.Ne4 Qe7 19.Rf2 Bc8 20.Qxc8 Rxc8 21.Rxb2 Na5 22.Rb5 Nac4
23.Rc5 Nxe3 24.Rxe5 Qa3 25.Nf6+ gxf6 26.Rxe3 Nd5 27.Re4 Nxc3 28.Rg4+ Kh8
29.Bh4 Qd6 30.Rc1 h5  0-1

[Event "Moscow Alekhine op"]
[Site "Moscow"]
[Date "1996.??.??"]
[Round "?"]
[White "Lundin, Alexandr"]
[Black "Dubinsky, Roman"]
[Result "0-1"]
[WhiteElo "2285"]
[BlackElo "2170"]

1.d4 d5 2.c4 Nc6 3.Nc3 dxc4 4.d5 Ne5 5.Qd4 Ng6 6.Qxc4 e5 7.Nf3 Bd6 8.e4 a6
9.Be3 Nf6 10.g3 O-O 11.Bg2 h6 12.O-O Bd7 13.b4 Qc8 14.Rfc1 Bh3 15.Bh1 b6
16.a4 Ng4 17.Bd2 Rb8 18.Nd1 f5 19.exf5 Qxf5 20.Ne3 Qh5 21.Qe4 Rf7 22.Nxg4 Bxg4
23.Ne1 Rbf8 24.Be3 Bf5 25.Qc4 e4 26.f4 exf3 27.Bxf3 Bh3 28.Bg2 Ne5 29.Qxa6 Ng4
30.Bf4 Bxg2  0-1

[Event "Moscow-A"]
[Site "Moscow"]
[Date "1996.??.??"]
[Round "?"]
[White "Danielian, Oganes"]
[Black "Kobalija, Mihail"]
[Result "1/2-1/2"]
[WhiteElo "2450"]
[BlackElo "2425"]

1.d4 d5 2.c4 Nc6 3.Nf3 Bg4 4.e3 e6 5.Nc3 Bb4 6.Qa4 Bxf3 7.gxf3 Ne7 8.Bd2 O-O
9.cxd5 exd5 10.Bd3 Kh8 11.a3 Bxc3 12.Bxc3 a6 13.Qc2 Qd6 14.h4 f5 15.f4 Qe6
16.h5 Nc8 17.b3 Nd6 18.Bb2  1/2-1/2

[Event "Moscow Alekhine op"]
[Site "Moscow"]
[Date "1996.??.??"]
[Round "?"]
[White "Tunik, Gennady"]
[Black "Shestakov, Sergei S"]
[Result "1-0"]
[WhiteElo "2475"]
[BlackElo "2305"]

1.d4 d5 2.c4 Nc6 3.cxd5 Qxd5 4.e3 e5 5.Nc3 Bb4 6.Bd2 Bxc3 7.bxc3 Nf6 8.f3 Qd6
9.Bd3 O-O 10.Ne2 Re8 11.O-O b6 12.Qc1 Bb7 13.Ng3 Rad8 14.Kh1 Ne7 15.a4 c5
16.a5 cxd4 17.cxd4 exd4 18.e4 Ng6 19.axb6 axb6 20.Nf5 Qb8 21.Bh6 Nh5 22.Qg5 Nhf4
23.Bxg7 Bc8 24.Bf6 Bxf5 25.exf5 Rd5 26.fxg6  1-0

[Event "Moscow IM4"]
[Site "Moscow"]
[Date "1996.??.??"]
[Round "?"]
[White "Ulko, Jaroslav"]
[Black "Barskij, Vladimir"]
[Result "1-0"]
[WhiteElo "2375"]
[BlackElo "2350"]

1.d4 d5 2.c4 Nc6 3.Nc3 dxc4 4.Nf3 Nf6 5.e4 Bg4 6.d5 Ne5 7.Bf4 Nfd7 8.Bxe5 Nxe5
9.Qd4 Nxf3+ 10.gxf3 Bd7 11.Bxc4 e6 12.Rg1 c5 13.Qe5 Qb8 14.Qg5 b5 15.dxe6 fxe6
16.Be2 b4 17.Nd1 Qxh2 18.Ne3 g6 19.Rd1 Be7 20.Qg4 Qh4 21.Rxd7 Qxg4 22.Rxe7+ Kxe7
23.fxg4 h5 24.gxh5 gxh5 25.e5 h4 26.Rg7+ Kf8 27.Rc7 h3 28.Bf3 Rd8 29.Nf1 h2
30.Ng3 Rd3 31.Ke2 Rxf3 32.Kxf3 Rh3 33.Kg2  1-0

[Event "Moscow GM2"]
[Site "Moscow"]
[Date "1996.??.??"]
[Round "?"]
[White "Guliev, Sarhan"]
[Black "Barskij, Vladimir"]
[Result "1/2-1/2"]
[WhiteElo "2505"]
[BlackElo "2350"]

1.d4 d5 2.c4 Nc6 3.Nc3 dxc4 4.e3 e5 5.d5 Nce7 6.Bxc4 Ng6 7.Nge2 Bd6 8.e4 Nf6
9.Bb5+ Nd7 10.Ng3 a6 11.Ba4 b5 12.Bc2 Nf6 13.Nf5 O-O 14.O-O h6 15.Qf3 Nh7
16.Ne2 Nh4 17.Nxh4 Qxh4 18.h3 Bd7 19.Qg3 Qxg3 20.Nxg3 c6 21.dxc6 Bxc6 22.Be3 Rfd8
23.Bb3 Ng5 24.f3 Ne6 25.Nf5 Bf8 26.Rfd1 Nf4 27.Bb6 Rd7 28.Kh2 Nd3 29.Rd2 Nc5
30.Rc2 Nxb3 31.axb3 Bb7 32.Rac1 g6 33.Ne3 Re8 34.Rc7 Ree7 35.Ng4 Bg7 36.R1c5 f6
37.Ba5 Kf7 38.Ne3 Rxc7 39.Bxc7 Rd7 40.Rc3 h5 41.Ba5 Bh6 42.Kg1 Ke6 43.Kf1 f5
44.exf5+ gxf5 45.Ke2 e4 46.Rc5 Bxe3 47.Kxe3 Rd3+ 48.Kf4 exf3 49.Re5+ Kf6
50.Rxf5+ Kg6 51.Rg5+ Kh6 52.Bb6 fxg2 53.Rg3 Rd2 54.Ke5 Rxb2 55.Kf6 Bd5 56.Rg6+ Kh7
57.Rg7+ Kh8 58.Rg5 Bxb3 59.Rxh5+ Kg8 60.Bc5 Re2  1/2-1/2

[Event "RUS-Cup2"]
[Site "Moscow"]
[Date "1996.??.??"]
[Round "1"]
[White "Notkin, Maksim"]
[Black "Ivanov, Mikhail Y"]
[Result "1-0"]
[WhiteElo "2520"]
[BlackElo "2255"]

1.d4 d5 2.c4 Nc6 3.Nc3 dxc4 4.Nf3 Nf6 5.Bg5 Nd5 6.e4 Nb6 7.d5 Nb4 8.Bxc4 Nxc4
9.Qa4+ c6 10.Qxb4 Nb6 11.Rd1 f6 12.dxc6 Qc7 13.cxb7 Bxb7 14.Nb5 Qc6 15.Be3 e5
16.Nd6+ Bxd6 17.Rxd6 Qxe4 18.Re6+ Kf7 19.Qe7+ Kg8 20.O-O Bd5 21.Rd6 h6 22.Bxb6 axb6
23.Rd7 Rh7 24.Rd1 g5 25.Rd8+  1-0

[Event "RUS-Cup2"]
[Site "Moscow"]
[Date "1996.??.??"]
[Round "3"]
[White "Kremenietsky, Anatoly M"]
[Black "Kobalija, Mihail"]
[Result "1/2-1/2"]
[WhiteElo "2385"]
[BlackElo "2495"]

1.d4 d5 2.c4 Nc6 3.Nc3 dxc4 4.d5 Ne5 5.Nf3 Nxf3+ 6.exf3 e5 7.Bxc4 Bd6 8.Bb5+ Bd7
9.Qb3 b6 10.Ne4 Ne7 11.Bg5 Bxb5 12.Bxe7 Bxe7 13.Qxb5+ Qd7 14.Qxd7+ Kxd7 15.g4 g6
16.Rc1 f5 17.gxf5 gxf5 18.Ng3 Raf8 19.Rc6 Bd6 20.Ke2 Rhg8 21.Rhc1 Rg6 22.Nf1 e4
23.Ng3 Re8 24.fxe4 fxe4 25.R1c4 Rg5 26.Nxe4 Rxd5 27.f3 Rf5 28.h3 Re6 29.Rc2 Be5
30.Rxe6 Kxe6 31.Rc6+ Kd5 32.Rh6 Bxb2 33.Rxh7 Be5 34.h4 b5 35.h5 a5 36.h6 Rh5
37.Rd7+ Kc6 38.Re7 Bb2 39.h7 b4 40.Kd3 a4 41.Kc4 b3 42.axb3 a3 43.Re6+ Kb7
44.Nc5+ Kb8 45.Na6+ Kc8 46.Nb4 Rxh7 47.Na2 Rh2 48.b4 Rf2 49.Re3 Kb7 50.Kb5  1/2-1/2

[Event "Muenster op"]
[Site "Muenster"]
[Date "1996.??.??"]
[Round "3"]
[White "Lerner, Konstantin Z"]
[Black "Maahs, Erich"]
[Result "1-0"]
[WhiteElo "2580"]
[BlackElo "2230"]

1.d4 d5 2.c4 Nc6 3.cxd5 Qxd5 4.e3 e5 5.Nc3 Bb4 6.Bd2 Bxc3 7.bxc3 Nf6 8.Qb3 Qd6
9.Ne2 O-O 10.Ng3 Re8 11.Be2 h5 12.d5 Ne7 13.Nxh5 Nfxd5 14.O-O Qg6 15.Ng3 b6
16.Bh5 Qh6 17.f4 Be6 18.f5 Nxf5 19.Rxf5 g6 20.Rxe5 gxh5 21.Rxh5 Qg7 22.Qc2 Nf6
23.Rh4 Qg5 24.Rf4 Ng4 25.Ne4 Qg6 26.Raf1 Kg7 27.c4 Kf8 28.Qc3 Red8 29.Bc1 Ke7
30.h3 Nh6 31.Qe5 Kd7 32.Rf6 Qh7 33.Rxe6  1-0

[Event "JUG-chT"]
[Site "Niksic"]
[Date "1996.??.??"]
[Round "?"]
[White "Antic, Dejan"]
[Black "Perovic, Dragan"]
[Result "1-0"]
[WhiteElo "2435"]
[BlackElo "2390"]

1.d4 d5 2.c4 Nc6 3.Nf3 Bg4 4.Nc3 e6 5.cxd5 exd5 6.Bg5 Be7 7.Bxe7 Ncxe7 8.Ne5 Bf5
9.e3 c6 10.Bd3 Nf6 11.O-O O-O 12.Rc1 Nd7 13.Nxd7 Qxd7 14.Na4 b6 15.Nc3 Bxd3
16.Qxd3 Nf5 17.Rc2 Rfe8 18.Rfc1 Rac8 19.Ne2 Re4 20.Ng3 Nxg3 21.hxg3 h5 22.b4 b5
23.Rc5 Re6 24.Qc2 a6 25.a4 bxa4 26.Qxa4 Qb7 27.Ra5 Ra8 28.Ra1 Rb8 29.Rb1 Ra8
30.Ra1 Rf6 31.Rc1 Re6 32.Qa3 Rf6 33.Qc3 Rb8 34.Rb1 Re6 35.Qd3 Ra8 36.Ra4 Qb5
37.Qc2 Rf6 38.Rba1 Re6 39.Qc5 Qe2 40.R4a2 Qd3 41.Qb6 Qc3 42.Qb7 Ree8 43.Ra3 Qc4
44.Rxa6 Rab8 45.Qxc6 Rec8 46.Qd7 Rxb4 47.Ra8 Rb1+ 48.Kh2 Rbb8 49.R1a7  1-0

[Event "JUG-chT"]
[Site "Niksic"]
[Date "1996.??.??"]
[Round "?"]
[White "Milanovic, Vojislav"]
[Black "Perovic, Dragan"]
[Result "1-0"]
[WhiteElo "2350"]
[BlackElo "2390"]

1.d4 d5 2.c4 Nc6 3.Nf3 Bg4 4.Ne5 Nxe5 5.dxe5 dxc4 6.Qa4+ Bd7 7.Qxc4 e6 8.Nc3 Bc6
9.e4 Qe7 10.Be3 Qb4 11.O-O-O a6 12.f4 Qxc4 13.Bxc4 Bb4 14.f5 Bd7 15.Ne2 exf5
16.Bxf7+ Ke7 17.Bb3 Nh6 18.Nf4 Bc6 19.a3 Ng4 20.Bd4 Ba5 21.Bc5+ Ke8 22.Nh5 Bd7
23.Nxg7+  1-0

[Event "JUG-ch op"]
[Site "Nis"]
[Date "1996.??.??"]
[Round "3"]
[White "Malaniuk, Vladimir P"]
[Black "Petronijevic, Zoran"]
[Result "1-0"]
[WhiteElo "2585"]
[BlackElo "2400"]

1.d4 d5 2.c4 Nc6 3.cxd5 Qxd5 4.e3 e5 5.Nc3 Bb4 6.Bd2 Bxc3 7.bxc3 exd4 8.cxd4 Nf6
9.Ne2 O-O 10.Nf4 Qd6 11.Be2 Ne4 12.O-O Bf5 13.Be1 Ne7 14.f3 Nf6 15.Bg3 Qd7
16.e4 Bg6 17.d5 Rad8 18.Qb3 b6 19.Rfd1 c6 20.d6 Nc8 21.e5 Nh5 22.e6 fxe6
23.Nxe6 Bf7 24.Nxf8 Bxb3 25.Nxd7 Nxg3 26.hxg3 Bxd1 27.Bc4+ Kh8 28.Ne5  1-0

[Event "JUG-chT (Women)"]
[Site "Novi Sad"]
[Date "1996.??.??"]
[Round "?"]
[White "Shumiakina, Tatiana"]
[Black "Cosma, Elena Luminita"]
[Result "0-1"]
[WhiteElo "2350"]
[BlackElo "2295"]

1.d4 d5 2.c4 Nc6 3.Nf3 Bg4 4.Nc3 e6 5.Bf4 dxc4 6.e3 Bd6 7.Bg3 Nge7 8.Bxc4 a6
9.Be2 O-O 10.a3 Nf5 11.Qc2 Qe8 12.Bd3 h6 13.Ne4 Bxg3 14.hxg3 Bxf3 15.gxf3 Nd6
16.Rc1 Qe7 17.Kf1 Rac8 18.g4 Rfd8 19.f4 Nxe4 20.Bxe4 Rd6 21.g5 f5 22.gxf6 Qxf6
23.Qb3 Rf8 24.Rc5 Nxd4 25.exd4 Qxf4 26.Qc2 Rxd4 27.Bh7+ Kh8 28.Kg1 Qf3  0-1

[Event "ESP-chTB"]
[Site "Oropesa del Mar"]
[Date "1996.??.??"]
[Round "1"]
[White "Cacho Reigadas, Sergio"]
[Black "Arencibia, Walter"]
[Result "1-0"]
[WhiteElo "2405"]
[BlackElo "2515"]

1.d4 d5 2.c4 Nc6 3.e3 e5 4.cxd5 Qxd5 5.Nc3 Bb4 6.Bd2 Bxc3 7.bxc3 Qd6 8.Bd3 Nf6
9.f3 O-O 10.Ne2 Be6 11.O-O Rab8 12.Be1 Nd7 13.f4 f6 14.Bg3 Nb6 15.e4 Bc4
16.fxe5 fxe5 17.Bxc4+ Nxc4 18.Qd3 N6a5 19.Rab1 Rxf1+ 20.Rxf1 Qe7 21.Bxe5 Nxe5
22.dxe5 Rd8 23.Qg3 Qc5+ 24.Nd4 Nc6 25.Kh1 Nxd4 26.cxd4 Qxd4 27.Qb3+ Kh8 28.Qf7 h6
29.e6 Qxe4 30.e7 Rg8 31.h3  1-0

[Event "ESP-chTB"]
[Site "Oropesa del Mar"]
[Date "1996.??.??"]
[Round "2"]
[White "Herraiz, Herminio"]
[Black "Rojo Gomez, Jorge"]
[Result "0-1"]
[WhiteElo "2305"]
[BlackElo "2240"]

1.d4 d5 2.c4 Nc6 3.Nf3 e5 4.dxe5 Bb4+ 5.Bd2 dxc4 6.Qa4 Qe7 7.a3 Bxd2+ 8.Nbxd2 a6
9.Qxc4 Nxe5 10.Qc3 Nxf3+ 11.Nxf3 Qf6 12.Rc1 Qxc3+ 13.Rxc3 c6 14.g3 Bg4 15.Ne5 Be6
16.Bg2 Nf6 17.O-O Rd8 18.Nd3 Nd5 19.Rc2 O-O 20.Nc5 Bc8 21.b4 Nc7 22.a4 Rd4
23.Rb2 Rfd8 24.e3 Rd1 25.Rb1 Rxb1 26.Rxb1 Kf8 27.Nb3 Ke7 28.Kf1 Bf5 29.Rc1 Bg4
30.Nd4 Ne6 31.h3 Nxd4 32.hxg4 Nb3 33.Rc3 Rd1+ 34.Ke2 Rd2+ 35.Ke1 Rb2 36.b5 axb5
37.axb5 cxb5 38.Rc7+ Ke6 39.Rxb7 Nc5 40.Rb6+ Ke7 41.Bf1 Rb1+ 42.Ke2 b4 43.Bg2 Rb2+
44.Kd1 Rxf2 45.Bd5 b3  0-1

[Event "Pan American-ch "]
[Site "?"]
[Date "1996.??.??"]
[Round "?"]
[White "Peralta, Fernando"]
[Black "Moreda, Lucas"]
[Result "0-1"]
[WhiteElo "2315"]
[BlackElo "2325"]

1.d4 d5 2.c4 Nc6 3.Nc3 dxc4 4.d5 Na5 5.Qa4+ c6 6.b4 b5 7.Qxa5 Qxa5 8.bxa5 b4
9.Na4 cxd5 10.e4 e6 11.exd5 exd5 12.Be3 Ne7 13.O-O-O Be6 14.Ne2 Nc6 15.Nd4 Nxa5
16.Nb5 Kd7 17.Nxa7 Kc7 18.Nb5+ Kc6 19.Nd4+ Kb7 20.Nxe6 fxe6 21.Nc5+ Bxc5
22.Bxc5 Nc6 23.Kb1 Ra5 24.Be3 Rha8 25.Rd2 c3 26.Rc2 d4 27.Bc4 dxe3 28.fxe3 Re5
29.Re2 Na5 30.Bd3 g6 31.Rf1 Kb6 32.Rf4 Kc5 33.Rf7 Rd8 34.Bc2 Nc4 35.Rc7+ Kb5
36.Ba4+ Kxa4 37.Rxc4 Rd1+ 38.Kc2 Red5 39.Rc7 R5d2+ 40.Rxd2 Rxd2+  0-1